00629 2200217 4500001002100000005001500021035002000036008004100056245010400097100002700201250001000228260003300238300003400271020002200305084001600327082001000343650002700353700000900380990001100389990001100400INLIS00000000001183820220620092622 a0010-0622000348220620 b 0 ind 1 aSeri Cerita Dongeng Dunia :bKumpulan Dongeng Negeri Amerika /cWinkanda Satria Putra; editor, Maya aWINKANDA, Satria Putra acet.1 aYogyakarta :bRainbow,c2017 av, 64 hal. :bilus. ;c23 cm. a978-979-29-6884-2 a398.2 WIN s a398.2 4aFOKLOR. CERITA DONGENG0 aMAYA a7725 a a7725 b